[Event "Heusenstamm Sparkassen op U14 7th"]
[Site "Heusenstamm"]
[Date "2021.11.20"]
[Round "3.3"]
[White "Nagel, Daniel"]
[Black "Dietrich, Fabian"]
[Result "1-0"]
[WhiteElo "1329"]
[BlackElo "1248"]
[PlyCount "55"]
[EventDate "2021.11.19"]
[EventType "swiss"]
[EventRounds "7"]
[EventCountry "GER"]
[SourceTitle "EXT 2023"]
[Source "ChessBase"]
[SourceDate "2022.10.05"]
[SourceVersion "1"]
[SourceVersionDate "2022.10.05"]
[SourceQuality "1"]

1. d4 d5 2. Nf3 e6 3. g3 c5 4. Bg2 Nf6 5. 0-0 Bd6 6. c4 0-0 7. cxd5 Nxd5 8. e4 Ne7 9. e5 Bc7 10. dxc5 Nec6 11. Bf4 Qe7 12. Qc2 Nb4 13. Qe4 N8c6 14. Ng5 g6 15. Nh3 Na6 16. Rc1 Bd7 17. Bg5 f6 18. Bxf6 Rxf6 19. exf6 Qxf6 20. Nc3 Nxc5 21. Qh4 Qg7 22. Ng5 Bd8 23. Qc4 Bxg5 24. Qxc5 Bxc1 25. Rxc1 b6 26. Qd6 Rc8 27. Rd1 Be8 28. Qxe6+ 1-0

[Event "Heusenstamm Sparkassen op U14 7th"]
[Site "Heusenstamm"]
[Date "2021.11.20"]
[Round "2.3"]
[White "Zargaran, Sepas"]
[Black "Nagel, Daniel"]
[Result "0-1"]
[WhiteElo "1038"]
[BlackElo "1329"]
[PlyCount "90"]
[EventDate "2021.11.19"]
[EventType "swiss"]
[EventRounds "7"]
[EventCountry "GER"]
[SourceTitle "EXT 2023"]
[Source "ChessBase"]
[SourceDate "2022.10.05"]
[SourceVersion "1"]
[SourceVersionDate "2022.10.05"]
[SourceQuality "1"]

1. e4 g6 2. d4 Bg7 3. Nf3 d6 4. Nc3 Nd7 5. Bf4 c5 6. Be3 Ngf6 7. e5 dxe5 8. dxe5 Ng4 9. Bc4 Nxe3 10. fxe3 e6 11. Nd2 Nxe5 12. Bb5+ Bd7 13. Bxd7+ Qxd7 14. Qe2 0-0 15. 0-0 Rad8 16. Rad1 Qe7 17. Nc4 Nxc4 18. Qxc4 Rxd1 19. Rxd1 Rd8 20. Rxd8+ Qxd8 21. Qd3 Qxd3 22. cxd3 Kf8 23. Kf2 f5 24. Na4 b6 25. Kf3 Ke7 26. Kf4 Bh6+ 27. Kf3 g5 28. g4 Bg7 29. Nc3 Be5 30. h3 Kf6 31. e4 Bxc3 32. bxc3 f4 33. Ke2 e5 34. Kf3 b5 35. Kg2 b4 36. c4 a5 37. h4 h6 38. d4 exd4 39. e5+ Kxe5 40. h5 Ke4 41. Kh3 d3 42. a4 d2 43. Kg2 d1Q 44. Kh2 Kf3 45. Kh3 Qh1# 0-1

[Event "GER-chT School WK GS"]
[Site "Playchess.com INT"]
[Date "2020.06.18"]
[Round "6.3"]
[White "Nagel, Daniel"]
[Black "Pizziol, Matteo"]
[Result "1-0"]
[WhiteElo "1623"]
[BlackElo "1453"]
[PlyCount "29"]
[EventDate "2020.06.11"]
[EventType "team-swiss (blitz)"]
[EventRounds "7"]
[EventCountry "GER"]
[SourceTitle "EXT 2021"]
[Source "ChessBase"]
[SourceDate "2020.10.23"]
[SourceVersion "1"]
[SourceVersionDate "2020.10.23"]
[SourceQuality "1"]
[WhiteTeam "Berlin Rotation"]
[BlackTeam "Baden Eich"]
[WhiteTeamCountry "GER"]
[BlackTeamCountry "GER"]

1. e4 e5 2. Nf3 Nc6 3. Bc4 Nf6 4. Ng5 d5 5. exd5 b5 6. Bxb5 Qxd5 7. Nc3 Qxg2 8. Bxc6+ Bd7 9. Bxg2 Bd6 10. Bxa8 0-0 11. Qf3 Rxa8 12. Qxa8+ Bf8 13. Nd5 Ng4 14. Ne7+ Kh8 15. Qxf8# 1-0

[Event "GER-chT School WK GS"]
[Site "Playchess.com INT"]
[Date "2020.06.18"]
[Round "4.4"]
[White "Nagel, Daniel"]
[Black "Wallaschek, Robin"]
[Result "0-1"]
[WhiteElo "1623"]
[BlackElo "1638"]
[PlyCount "110"]
[EventDate "2020.06.11"]
[EventType "team-swiss (blitz)"]
[EventRounds "7"]
[EventCountry "GER"]
[SourceTitle "EXT 2021"]
[Source "ChessBase"]
[SourceDate "2020.10.23"]
[SourceVersion "1"]
[SourceVersionDate "2020.10.23"]
[SourceQuality "1"]
[WhiteTeam "Berlin Rotation"]
[BlackTeam "Hannover Wasserk NI"]
[WhiteTeamCountry "GER"]
[BlackTeamCountry "GER"]

1. e4 e5 2. Nf3 Nc6 3. Bc4 Bc5 4. Nc3 Nf6 5. d3 h6 6. Be3 Bxe3 7. fxe3 0-0 8. 0-0 d6 9. d4 Bg4 10. h3 Bxf3 11. Qxf3 a6 12. Rad1 Qe7 13. Nd5 Nxd5 14. Bxd5 Qd7 15. b3 Rae8 16. c4 b6 17. a3 a5 18. b4 axb4 19. axb4 Nxb4 20. dxe5 dxe5 21. Bb7 Qe6 22. Bd5 Nxd5 23. Rxd5 c6 24. Rd2 Qxc4 25. Rdf2 Qe6 26. Rb2 c5 27. Rfb1 Rb8 28. Qf1 Rfd8 29. Qa6 Rd6 30. Qa7 Rc8 31. Rxb6 Rxb6 32. Rxb6 Qc4 33. Qd7 Rf8 34. Qc7 Qxe4 35. Rb8 Rxb8 36. Qxb8+ Kh7 37. Qb3 c4 38. Qc3 f5 39. Qe1 Qd3 40. Kh1 c3 41. Qc1 c2 42. Kh2 Qd1 43. Qxd1 cxd1Q 44. Kg3 Qd2 45. Kh2 Qxe3 46. Kh1 f4 47. Kh2 f3 48. gxf3 Qxf3 49. Kg1 e4 50. Kh2 e3 51. Kg1 e2 52. Kh2 e1R 53. h4 Re2+ 54. Kg1 Qc3 55. Kh1 Qe1# 0-1